All Premier League Managers Ever - Extended Edition - Statistics

General Stats
  • This quiz has been taken 813 times
    286 since last reset
  • The average score is 89 of 289
Answer Stats
Manager % Correct
Arsène Wenger
94%
José Mourinho
93%
Alex Ferguson
92%
Mikel Arteta
92%
Unai Emery
89%
Pep Guardiola
88%
David Moyes
84%
Duncan Ferguson
84%
Jürgen Klopp
84%
Erik ten Hag
83%
Frank Lampard
82%
Ruben Amorim
82%
Arne Slot
81%
Ole Gunnar Solskjær
79%
Antonio Conte
78%
Carlo Ancelotti
78%
Mauricio Pochettino
77%
Rafael Benítez
77%
Roberto Mancini
77%
Louis van Gaal
76%
Nuno Espírito Santo
76%
Eddie Howe
75%
Thomas Frank
74%
Brendan Rodgers
73%
Manuel Pellegrini
73%
Sean Dyche
73%
Claudio Ranieri
72%
Graham Potter
71%
Ruud van Nistelrooy
69%
Steven Gerrard
68%
Enzo Maresca
67%
Roy Hodgson
66%
Sam Allardyce
66%
Thomas Tuchel
66%
Ange Postecoglou
65%
Kenny Dalglish
65%
Michael Carrick
63%
Dean Smith
62%
Alan Smith
61%
Ryan Giggs
61%
Jim Smith
60%
Marco Silva
60%
Walter Smith
60%
Russell Martin
59%
Oliver Glasner
58%
Ralf Rangnick
58%
Roberto Di Matteo
58%
André Villas-Boas
57%
Gary O’Neil
57%
Vincent Kompany
57%
Patrick Vieira
56%
Andoni Iraola
55%
Mark Hughes
54%
Maurizio Sarri
54%
Steve Bruce
54%
Alan Shearer
53%
Harry Redknapp
53%
Scott Parker
53%
Roberto De Zerbi
52%
Ruud Gullit
51%
Alan Pardew
49%
Roberto Martínez
49%
Marcelo Bielsa
48%
Steve Kean
48%
Tony Pulis
48%
Guus Hiddink
46%
Ryan Mason
46%
George Graham
45%
Kevin Keegan
45%
Avram Grant
44%
Gérard Houllier
44%
Kevin Keen
44%
Daniel Farke
42%
Dave Jones
42%
Fabian Hürzeler
42%
Graeme Jones
42%
Nathan Jones
42%
Steve Cooper
42%
Gareth Southgate
41%
Neil Warnock
41%
Rob Edwards
41%
Ronald Koeman
41%
Bobby Robson
40%
Bryan Robson
40%
Jesse Marsch
40%
Julen Lopetegui
40%
Brian Clough
39%
Micky Adams
39%
Neil Adams
39%
Roy Keane
39%
Tim Sherwood
39%
Tony Adams
39%
Chris Wilder
38%
Frank de Boer
37%
Sven-Göran Eriksson
37%
Gianfranco Zola
36%
Graeme Souness
36%
Luiz Felipe Scolari
36%
Nigel Pearson
36%
Chris Coleman
35%
Glenn Hoddle
35%
Séamus Coleman
35%
Chris Hughton
34%
Fredrik Ljungberg
34%
Phil Brown
34%
Ralph Hasenhüttl
34%
Craig Shakespeare
33%
Gianluca Vialli
32%
Mick McCarthy
32%
Slaven Bilić
32%
Vítor Pereira
32%
Claude Puel
31%
Ian Holloway
31%
Martin O'Neill
31%
Stuart Pearce
31%
David Wagner
30%
Paddy McCarthy
30%
Steve McClaren
30%
Graham Taylor
29%
Peter Taylor
29%
Danny Wilson
28%
Paul Heckingbottom
28%
Paul Lambert
28%
Bruce Rioch
27%
Gus Poyet
27%
Ivan Jurić
27%
Paul Ince
27%
Roy Evans
27%
Bruno Lage
26%
Frank Clark
26%
Martin Jol
26%
Mauricio Pellegrino
26%
Quique Sánchez Flores
26%
Ray Wilkins
26%
Alex McLeish
25%
Billy Davies
25%
David O'Leary
25%
Lawrie Sanchez
25%
Michael Laudrup
25%
Paolo Di Canio
25%
Rémi Garde
25%
Ron Atkinson
25%
Alan Curbishley
24%
Bob Bradley
24%
Dick Advocaat
24%
Juande Ramos
24%
Terry Venables
24%
Aitor Karanka
23%
Alex Neil
23%
Javi Gracia
23%
Leighton Baines
23%
Sammy Lee
23%
Howard Wilkinson
22%
Joe Kinnear
22%
Mike Jackson
22%
Mike Walker
22%
Owen Coyle
22%
Steve Clarke
22%
Cristian Stellini
21%
Joe Royle
21%
Malky Mackay
21%
Paul Jewell
21%
Pepe Mel
21%
Steve Coppell
20%
Alan Ball
19%
Eddie Gray
19%
Felix Magath
19%
Garry Monk
19%
Gordon Strachan
19%
Howard Kendall
19%
Iain Dowie
19%
Kevin Ball
19%
Peter Reid
19%
Phil Thompson
19%
Stuart Gray
19%
Brian Kidd
18%
John Carver
18%
John Gregory
18%
Les Reed
18%
Slaviša Jokanović
18%
Brian Little
17%
Gary Megson
17%
Gerry Francis
17%
Nigel Adkins
17%
Ossie Ardiles
17%
Stewart Houston
17%
Trevor Francis
17%
Brian McDermott
16%
Christian Gross
16%
Dave Bassett
16%
David Pleat
16%
Eric Black
16%
George Burley
16%
Glenn Roeder
16%
Kelvin Davis
16%
Mike Phelan
16%
Paul Clement
16%
Phil Neal
16%
Steve Davis
16%
Tony Mowbray
16%
Walter Mazzarri
16%
Brian Laws
15%
Clive Allen
15%
Jean Tigana
15%
Paul Hart
15%
Terry McDermott
15%
Alan Irvine
14%
Bobby Gould
14%
Carlos Carvalhal
14%
Colin Todd
14%
David Webb
14%
Ian Porterfield
14%
John Gorman
14%
Lennie Lawrence
14%
Pat Rice
14%
Terry Connor
14%
Attilio Lombardo
13%
Bruno Saltor
13%
Dave Watson
13%
Egil Olsen
13%
Jacques Santini
13%
Jan Siewert
13%
Kevin Bond
13%
Nigel Worthington
13%
Ray Harford
13%
Rubén Sellés
13%
Xisco Muñoz
13%
Aidy Boothroyd
12%
Billy Bonds
12%
Chris Ramsey
12%
Doug Livermore
12%
John Lyall
12%
René Meulensteen
12%
Trevor Brooking
12%
Chris Hutchings
11%
Kevin MacDonald
11%
Paul Sturrock
11%
Ray Clemence
11%
Jim Jefferies
10%
Ricky Sbragia
10%
Roy McFarland
10%
Alain Perrin
9%
David Unsworth
9%
Francesco Guidolin
9%
Gary McAllister
9%
Peter Shreeves
9%
Steve Agnew
9%
Steve Wigley
9%
Terry Burton
9%
Alan Curtis
8%
Brian Horton
8%
David Merrington
8%
Mark McGhee
8%
Tony Parkes
8%
Ian Branfoot
7%
John Deehan
7%
Velimir Zajec
7%
Graham Rix
6%
Keith Millen
6%
Simon Rusk
6%
Steve Holland
6%
Stuart McCall
6%
Ben Dawson
5%
Joe Jordan
5%
John Wark
5%
Mark Bowen
5%
Aaron Danks
4%
Hayden Mullins
4%
Jimmy Gabriel
4%
Leon Britton
4%
Mark Hudson
4%
Michael Appleton
4%
Ray Lewington
4%
Archie Knox
3%
Keith Downing
3%
Michael Skubala
3%
Mike Stowell
3%
Rob Kelly
3%
Ron Noades
3%
Steve Perryman
3%
Tony Book
3%
Adam Sadler
2%
Alex Inglethorpe
2%
Billy McEwan
2%
David Kerslake
2%
Eddie Niedzwiecki
2%
Frank Burrows
2%
Paul Goddard
2%
Frank Barlow
1%
No matching quizzes found
Score Distribution
Percent of People with Each Score
Percentile by Number Answered
Your Score History
You have not taken this quiz since the last reset